Materials Science (Record no. 1168)

MARC details
000 -LEADER
fixed length control field 00410nam a22001697a 4500
005 - DATE AND TIME OF LATEST TRANSACTION
control field 20160520104808.0
008 - FIXED-LENGTH DATA ELEMENTS--GENERAL INFORMATION
fixed length control field 160520b xxu||||| |||| 00| 0 eng d
020 ## - INTERNATIONAL STANDARD BOOK NUMBER
ISBN 81-219-0146-4
041 ## - LANGUAGE CODE
Language code of text/sound track or separate title eng
082 ## - DEWEY DECIMAL CLASSIFICATION NUMBER
Item number 3403
100 ## - MAIN ENTRY--AUTHOR NAME
Personal name Khurmi RS & Seha RS
245 ## - TITLE STATEMENT
Title Materials Science
260 ## - PUBLICATION, DISTRIBUTION, ETC. (IMPRINT)
Place of publication New Delhi
Name of publisher Sultan Chand & Sons.
300 ## - PHYSICAL DESCRIPTION
Number of Pages 367
650 ## - SUBJECT ADDED ENTRY--TOPICAL TERM
Topical Term DIPLOMA ENGINEERING
942 ## - ADDED ENTRY ELEMENTS (KOHA)
Koha item type Books
Holdings
Lost status Damaged status Home library Current library Date acquired Cost, normal purchase price Full call number Accession Number Koha item type Collection code Shelving location
Lost   JRU Library JRU Library 20/05/2016 190.00 3403 3403 Books    
    JRU Library JRU Library 20/05/2016 190.00 3403 3404 Books MINING SHELF-59-B
Lost   JRU Library JRU Library 20/05/2016 190.00 3403 3405 Books